TV Shows Gone Fishin' Quiz Stats

 Plays Quiz Updated Jun 16, 2019

Score 0/24 Timer 06:00
2 Plays Today
% Correct
Family Guy
96.6%
The Flintstones
95.4%
SpongeBob SquarePants
95.1%
The Big Bang Theory
92%
Sesame Street
91.8%
The Simpsons
91.2%
The Sopranos
86.6%
Modern Family
86.4%
Futurama
86.3%
King of the Hill
84.4%
Lost
84.2%
Gilligan's Island
82.4%
% Correct
Married... with Children
81.5%
Full House
80.7%
American Dad!
79.5%
Home Improvement
70.8%
The Andy Griffith Show
69.1%
Dawson's Creek
68.7%
The Brady Bunch
67.4%
Boy Meets World
65.9%
Hey Arnold!
65.6%
Arrested Development
62.8%
Gilmore Girls
55.2%
Man vs. Wild
50.6%

You're not logged in!

Compare scores with friends on all Sporcle quizzes.
OR
Log In

Sporcle TV

Today on Sporcle TV


Watch our educational content, quiz creation guides, and fun videos on Sporcle TV.

Show Comments

Extras

Top Quizzes Today


Score Distribution

Your Account Isn't Verified!

In order to create a playlist on Sporcle, you need to verify the email address you used during registration. Go to your Sporcle Settings to finish the process.

Report this User

Report this user for behavior that violates our Community Guidelines.

Details: